| 000 | 00862nam a2200181 i 4500 | ||
|---|---|---|---|
| 001 | 182225 | ||
| 003 | ES-MaACL | ||
| 005 | 20250809020503.0 | ||
| 008 | 130717s1821 sp |||| | spa d | ||
| 110 | 1 |
_aEspaña. _bCortes (1820-1823) _93660 |
|
| 245 | 1 | 0 |
_aColección de los decretos y ordenes generales de la primera legislatura de las Cortes ordinarias de 1820 y 1821 desde 6 de julio hasta 9 de noviembre de 1820 / _cmandada publicar de orden de las mismas. |
| 260 |
_aMadrid : _b[s.n.], _c1821 ( _fEn la Imprenta Nacional) |
||
| 300 |
_aXXIV, 416 p. ; _c20 cm. |
||
| 500 | _aEn port.: Tomo VI. | ||
| 650 | 7 |
_aDerecho- _zEspaña _2 _9141531 |
|
| 852 |
_aES-MaACL _jR-3360(1) _z.- Anotación manuscrita en port.: "Por Real Decreto de 1º de octubre de 1823 quedaron anulados" _z.- Enc. en un vol. facticio _z.- Enc. perg. |
||
| 999 |
_c182225 _d182225 |
||